Central Library OPAC University of Rajshahi

The representative / (Record no. 20919)

MARC details
000 -LEADER
fixed length control field 00679cam a2200229ra 4500
001 - CONTROL NUMBER
control field 20919
003 - CONTROL NUMBER IDENTIFIER
rucl marc code BD-RjUL
005 - DATE AND TIME OF LATEST TRANSACTION
control field 20211209000628.0
008 - FIXED-LENGTH DATA ELEMENTS--GENERAL INFORMATION
fixed length control field 140302s1963 enk 00000 eng d
035 ## - SYSTEM CONTROL NUMBER
System control number (BD-RjUL)20981
System control number (BD-RjUL)
040 ## - CATALOGING SOURCE
Original cataloging agency BD-RjUL
Language of cataloging eng
Transcribing agency BD-RjUL
Modifying agency BD-RjUL
041 ## - LANGUAGE CODE
Language code of text/sound track or separate title eng
082 ## - DEWEY DECIMAL CLASSIFICATION NUMBER
Edition number 20
Classification number 792.028
Author mark and year HOR
100 1# - MAIN ENTRY--PERSONAL NAME
Personal name Hochhuth, Rolf.
9 (RLIN) 64613
245 14 - TITLE STATEMENT
Title The representative /
Statement of responsibility, etc. translated with a preface by Robert David Macdonald.
260 0# - PUBLICATION, DISTRIBUTION, ETC. (IMPRINT)
Place of publication, distribution, etc. London :
Name of publisher, distributor, etc. Methuen,
Date of publication, distribution, etc. 1963.
300 ## - PHYSICAL DESCRIPTION
Pagination 331 p. ;
Size 22cm.
500 ## - GENERAL NOTE
General note Translation of Der Stellvertreter.
650 ## - SUBJECT ADDED ENTRY--TOPICAL TERM
Topical term or geographic name as entry element Pius -- XII, -- Pope, -- 1876-1958 -- Drama.
9 (RLIN) 64614
942 ## - ADDED ENTRY ELEMENTS (KOHA)
Source of classification or shelving scheme Dewey Decimal Classification
Koha item type Books
Holdings
Lost status Source of classification or shelving scheme Damaged status Not for loan Collection code Permanent Location Current Location Shelving location Date acquired Source of acquisition Cost, normal purchase price Total Checkouts Full call number Date last seen Copy number Koha item type
  Dewey Decimal Classification   Added to bundle Non-fiction Central Library, University of Rajshahi Central Library, University of Rajshahi Reading Room 19/10/1965 Black well 25.00   792.028 HOR 1963 02/03/2014 C-1 Books